000 00826nas a2200265 4500
001 BR2018000901
003 BR-BrBNA
005 20231205131318.0
007 ta
008 230509b bl.|||p| |||| 00| 00por d
040 _aBR-BrBNA
_bpor
_cBiblioteca Nacional de Agricultura
041 _a(En)
072 _aK50
100 1 _aAraujo, J.B.S.
100 1 _aPaes, J.B.
245 1 _aNatural wood resistance of Mimosa caesalpiniifolia in field testing
650 _aSABIÁ
650 _aÁRVORE ANGIOSPERMA
650 _aPROCESSAMENTO
650 _aMADEIRA
773 0 _tFloresta e Ambiente (Brazil)
_xISSN 2179-8087
_g(2018), v. 25(2) p. 1-6
_wBR2018000901
856 4 0 _uhttp://www.scielo.br/pdf/floram/v25n2/2179-8087-floram-25-2-e20150128.pdf
909 _a202311
_bLúcia
_c55
_dLúcia Elande
942 _2AGRIS
_n0
_cANA
999 _c254124
_d254124